Szczegóły MARC21

Niepoczytalny sprawca czynu zabronionego w postępowaniu karnym /

003 -Nazwa inst., której nr kontr. jest w polu 001 [,]
    • @
    • Nazwa instytucji, której n kontrolny jest w polu 001
    • NUKAT
005 -DATA I CZAS OSTATNIEJ MODYFIKACJI [,]
    • @
    • pole kontrolne
    • 20241231094749.0
020 -Międzynarod. znormalizowany nr książki - ISBN [ , ]
    • a
    • Numer ISBN
    • 9788379307005 Find
040 -Instytucja sporządzająca opis [ , ]
    • a
    • Instytucja, która sporządziła opis (NP)
    • OLSZT 003/JG
    • c
    • Instytucja, która sporządziła rekord (NP)
    • OLSZT 003/JGs
    • d
    • Instytucja, która zmodyfikowała rekord (P)
    • OLSZT 003/DK
942 -Rodzaj dokumentu [ , ]
    • c
    • Rodzaj dokumentu
    • Książka
100 -Hasło główne - nazwa osobowa [1, ]
    • a
    • Nazwa osobowa (NP)
    • Konecki, Janusz.
    • 9
    • KHW
    • 82180
245 -Strefa tytułu i oznaczenia odpowiedzialności [1,0]
    • a
    • Tytuł
    • Niepoczytalny sprawca czynu zabronionego w postępowaniu karnym / Find
    • c
    • Pozostałe elementy strefy tytułu i oznaczenia odpowiedzialności (NP)
    • Janusz Konecki.
260 -Strefa adresu wydawniczego [ , ]
    • a
    • Miejsce wydania (P)
    • Warszawa :
    • b
    • Nazwa wydawcy (P)
    • Difin,
    • c
    • Data wydania (P)
    • 2015.
300 -Strefa opisu fizycznego [ , ]
    • a
    • Określenie formy książki i/lub objętość (NP)
    • 324 s. ;
    • c
    • Format (NP)
    • 23 cm.
336 -Typ zawartości [ , ]
    • a
    • Termin opisujący typ zawartości
    • Tekst
    • b
    • Kod określający zawartość
    • txt
    • 2
    • Źródło (terminu i kodu)
    • rdacontent
337 -Typ mediów [ , ]
    • a
    • Tryb odtwarzania
    • Bez urządzenia pośredniczącego
    • b
    • Kod typu mediów
    • n
    • 2
    • Źródło (terminu i kodu)
    • rdamedia
338 -Typ/rodzaj nośnika [ , ]
    • a
    • Hasło opisujące typ nośnika
    • Wolumin
    • b
    • Kod typu nośnika
    • nc
    • 2
    • Źródło (terminu i kodu)
    • rdacarrier
504 -Uwaga dot. bibliogr. załącznikowej [ , ]
    • a
    • Uwaga dot. bibliografii załącznikowej
    • Bibliogr. s. 283-324.
080 -Uniwersalna Klasyfikacja Dziesiętna [ , ]
    • 2
    • Identyfikator wydania tablic
    • UDC-P058
    • 9
    • UKD
    • 3442
    • a
    • Symbol klasyfikacji
    • 343
    • b
    • Dopowiedzenie
    • Prawo karne. Przestępstwa karne. Penologia. Kryminologia. Prawo karne materialne.
    • 4
    • UKD2
    • 7642
    • x
    • Poddział wspólny
    • (438)
    • c
    • Dopowiedzenie poddz. wspólnego
    • (Polska).
080 -Uniwersalna Klasyfikacja Dziesiętna [ , ]
    • 2
    • Identyfikator wydania tablic
    • UDC-P058
    • 9
    • UKD
    • 3494
    • a
    • Symbol klasyfikacji
    • 343.91
    • b
    • Dopowiedzenie
    • Przestępcy. Typy przestępców. Recydywiści.
    • 4
    • UKD2
    • 20975
    • x
    • Poddział wspólny
    • -056.34
    • c
    • Dopowiedzenie poddz. wspólnego
    • -Chorzy umysłowo.
    • 4
    • UKD2
    • 8184
    • x
    • Poddział wspólny
    • -056.36
    • c
    • Dopowiedzenie poddz. wspólnego
    • -Niepełnosprawni (upośledzeni) umysłowo.
    • 4
    • UKD2
    • 9240
    • x
    • Poddział wspólny
    • -056.83
    • c
    • Dopowiedzenie poddz. wspólnego
    • -Osoby ulegające nałogom (alkoholicy, narkomani, nałogowi palacze itp.).
650 -Hasło przedmiotowe [ ,7]
    • a
    • Hasło przedmiotowe
    • Niepoczytalność
    • z
    • Określnik geograficzny
    • Polska.
    • 2
    • Źródło terminu
    • kaba
    • 9
    • KHW
    • 376688
650 -Hasło przedmiotowe [ ,7]
    • a
    • Hasło przedmiotowe
    • Postępowanie karne
    • z
    • Określnik geograficzny
    • Polska
    • y
    • Określnik chronologiczny
    • 1990-.
    • 2
    • Źródło terminu
    • kaba
    • 9
    • KHW
    • 362983
650 -Hasło przedmiotowe [ ,7]
    • a
    • Hasło przedmiotowe
    • Przestępcy chorzy psychicznie
    • z
    • Określnik geograficzny
    • Polska.
    • 2
    • Źródło terminu
    • kaba
    • 9
    • KHW
    • 375556
980 -Symbol UKD [ , ]
    • a
    • UKD
    • 343(438):343.91-056.34/.36-056.83
710 -Hasło dodatkowe - nazwa ciała zbiorowego [2, ]
    • a
    • Nazwa ciała zbiorowego lub nazwa geograficzna jako pierwszy element (NP)
    • Difin.
    • 4
    • Kod relacji
    • pbl
    • 9
    • KHW
    • 52248
920 -ISBN [ , ]
    • a
    • ISBN
    • 978-83-7930-700-5 Find
Data inwentaryzacji Status udost. Sygnatura Lokalizacja Numer inwentarzowy
2015-05-121SA.23330BSASA.23330